000 00314nam a2200133Ia 4500
008 191201s2006 xx 000 0 und d
100 _aGowariker, V R
245 0 _aPolymer Science
250 _a1st Rev
260 _c2006
_bNew Age International
_aN.Delhi
300 _a505
650 _aTEXTILE
942 _2ddc
_cBB
999 _c7190
_d7190